000 00579nam a2200169 a 4500
001 000027166
005 20200930030638.0
008 110330s1982 dr ab 000 0 spa d
040 _aDO-SdBNP
_bspa
_cBNPHU
082 _axxxx
_bC399
100 1 _aCepeda, Carlos
_954230
245 1 4 _aLos que mataron a Antonio Guzmán /
_cCarlos Cepeda ; prólogo Sonia Guzmán de Hernández.
260 _aSantiago de los Caballero, República Dominicana :
_b[s.n.],
_c1982.
300 _a235 p. :
_bil., map. ;
_c21 cm.
700 1 _aGuzmán Hernández, Sonia de,
_epról.
_954231
049 _aBNPD
999 _c26658
_d26658